|
|
|
|
| LEADER |
00000nam0a2200000 4500 |
| 001 |
147535 |
| 005 |
20231101221311.0 |
| 035 |
|
|
|a (RuTPU)RU\TPU\book\159922
|
| 090 |
|
|
|a 147535
|
| 100 |
|
|
|a 20081117d1978 m y0rusy50 ca
|
| 101 |
0 |
|
|a rus
|
| 102 |
|
|
|a RU
|
| 105 |
|
|
|a a z 000ay
|
| 200 |
1 |
|
|a Силуэты
|e новеллы
|f Б. Н. Полевой
|g худож. В. В. Красновский
|
| 205 |
|
|
|a 2-е изд., доп.
|
| 210 |
|
|
|a Москва
|c Советский писатель
|d 1978
|
| 215 |
|
|
|a 496 с.
|c ил.
|
| 610 |
1 |
|
|a советская литература
|
| 610 |
1 |
|
|a новеллы
|
| 675 |
|
|
|a Р2
|v 3
|
| 700 |
|
1 |
|a Полевой
|b Б. Н.
|c настоящая фамилия Кампов
|c русский писатель
|f 1908-1981
|g Борис Николаевич
|2 stltpush
|3 (RuTPU)RU\TPU\pers\36159
|9 19256
|
| 702 |
|
1 |
|a Красновский
|b В. В.
|4 440
|
| 801 |
|
1 |
|a RU
|b 63413507
|c 20081117
|g PSBO
|
| 801 |
|
2 |
|a RU
|b 63413507
|c 20180212
|g RCR
|
| 942 |
|
|
|c BK
|